LEADER 01292nam a2200253 i 4500 001 991001931029707536 008 061103s1996 it b 000 0 mul d 020 $a8879610392 035 $ab13449862-39ule_inst 040 $aDip.to Filologia Class. e Scienze Filosofiche$bita 082 $a270.2 111 2 $aIncontro di studiosi dell'antichità cristiana$n<25. ;$d1996 ;$cRoma>$0424332 245 10$aVescovi e pastori in epoca Teodosiana :$bin occasione del XVI centenario della consacrazione episcopale di S. Agostino : 396-1996 : XXV Incontro di studiosi dell'antichità cristiana : Roma, 8-11 maggio 1996 260 $aRoma :$bInstitutum Patristicum Augustinianum,$c1997 300 $a2 v. ;$c24 cm 504 $aContiene riferimenti bibliografici 650 04$aPatristica$vCongressi 907 $a.b13449862$b09-11-18$c03-11-06 912 $a991001931029707536 945 $aLE007 270 VES 01.01 $cv. 1$g1$i2007000112489$lle007$nLE007 2006 Ugenti$op$pE37.50$q-$rl$s- $t0$u1$v0$w1$x0$y.i1433480x$z13-12-06 945 $aLE007 270 VES 01.01 $cv. 2$g1$i2007000112496$lle007$nLE007 2006 Ugenti$op$pE37.50$q-$rl$s- $t0$u3$v2$w3$x0$y.i14334793$z13-12-06 996 $aVescovi e pastori in epoca Teodosiana$91098826 997 $aUNISALENTO 998 $ale007$b03-11-06$cm$da $e-$fmul$git $h0$i0